Normal view
MARC view
- Knight Frank LLP
Entry Corporate Name
001 - CONTROL NUMBER
- control field: 5122
003 - CONTROL NUMBER IDENTIFIER
- control field: SIRSI
005 - DATE AND TIME OF LATEST TRANSACTION
- control field: 20190806150240.0
008 - FIXED-LENGTH DATA ELEMENTS
- fixed length control field: 070219n| aaannaabn |n ana d
040 ## - CATALOGING SOURCE
- Original cataloging agency: OSt
- Transcribing agency: OSt
110 2# - HEADING--CORPORATE NAME
- Corporate name or jurisdiction name as entry element: Knight Frank LLP
670 ## - SOURCE DATA FOUND
- Source citation: Rental growth will continue to offer Central London office investment performance in 07/08, 2007